| 000 | nam a22 7a 4500 | ||
|---|---|---|---|
| 999 |
_c128337 _d128337 |
||
| 008 | 181009b xxu||||| |||| 00| 0 eng d | ||
| 050 |
_aHG5852.A3 _bC57 |
||
| 100 |
_aClarke, D. G. _942817 |
||
| 245 |
_aForeign companies and international investment in Zimbabwe _cD. G. Clarke |
||
| 260 |
_aGweru _bMambo Press _c1980 |
||
| 300 |
_a275p. ; _c21cm. |
||
| 650 |
_aInvestments, Foreign _zZimbabwe _942818 |
||
| 650 |
_aCorporations, Foreign _zZimbabwe _942819 |
||
| 942 |
_2lcc _cMONOGRAPH |
||